000
00285nam a22001337a 4500
008
180918b xxu||||| |||| 00| 0 eng d
020
_a
047109725
041
_a
eng
080
_a
004
100
_a
30
101
_a
SHK
245
_a
Linear Programing
_c
Mury.G.K
942
_2
udc
_c
BK
999
_c
47931
_d
47931